[Event "Puspokladany Arnoth Memorial 11th"]
[Site "Puspokladany"]
[Date "2018.07.27"]
[Round "5"]
[White "Szuhanszki, Gergely"]
[Black "Sandor, Imre1"]
[Result "1/2-1/2"]
[WhiteElo "1822"]
[BlackElo "1840"]
[PlyCount "46"]
[EventDate "2018.07.25"]
[EventType "swiss"]
[EventRounds "9"]
[EventCountry "HUN"]
[SourceTitle "CBM 186 Extra"]
[Source "ChessBase"]
[SourceDate "2018.08.24"]
[SourceVersion "1"]
[SourceVersionDate "2018.08.24"]
[SourceQuality "1"]

1. Nf3 Nf6 2. g3 g6 3. Bg2 Bg7 4. 0-0 0-0 5. c4 c5 6. Nc3 d6 7. d4 cxd4 8. Nxd4 Nbd7 9. e4 Ne5 10. b3 Nfd7 11. h3 Nc6 12. Be3 a6 13. Rc1 Rb8 14. Qd2 Nde5 15. f4 Nxd4 16. Bxd4 Nc6 17. Bxg7 Kxg7 18. Nd5 Bd7 19. Qc3+ f6 20. g4 Be6 21. Ne3 Qa5 22. Qb2 Nb4 23. Qc3 Nc6 1/2-1/2

[Event "HUN-chT2 Barcza 1718"]
[Site "Hungary"]
[Date "2018.03.04"]
[Round "9.10"]
[White "Daroczy, Sandor"]
[Black "Szuhanszki, Gergely"]
[Result "1/2-1/2"]
[WhiteElo "1860"]
[BlackElo "1713"]
[PlyCount "76"]
[EventDate "2017.09.24"]
[EventType "team-tourn"]
[EventRounds "11"]
[EventCountry "HUN"]
[SourceTitle "EXT 2021"]
[Source "ChessBase"]
[SourceDate "2020.10.23"]
[SourceVersion "1"]
[SourceVersionDate "2020.10.23"]
[SourceQuality "1"]
[WhiteTeam "Bajnok Sakkiskola"]
[BlackTeam "Nyiregyhaza SISE"]
[WhiteTeamCountry "HUN"]
[BlackTeamCountry "HUN"]

1. e4 d6 2. d4 Nf6 3. Nc3 g6 4. f4 Bg7 5. Nf3 0-0 6. e5 Nfd7 7. h4 c5 8. h5 cxd4 9. hxg6 hxg6 10. Qxd4 Qa5 11. b4 dxe5 12. Nd5 Nc6 13. fxe5 Re8 14. Qe4 Nxb4 15. Nxb4 Nxe5 16. Nxe5 Qxe5 17. Qxe5 Bxe5 18. Rb1 Bg3+ 19. Kd1 Rd8+ 20. Nd3 e5 21. Bg5 Rd6 22. Kc1 Bg4 23. Rxb7 Rc8 24. Be7 Rd5 25. Bf6 Bh5 26. Be2 Rd6 27. Bxh5 Rxf6 28. Bg4 Rd8 29. Nc5 Rfd6 30. Ne4 Rd4 31. Nxg3 Rxg4 32. Rb3 f5 33. Re1 f4 34. Ne4 Rxg2 35. Rb7 Rf8 36. Rh1 Rf7 37. Rb8+ Kg7 38. Rhh8 Rd7 1/2-1/2

[Event "HUN-chT2 Barcza 1617"]
[Site "Hungary"]
[Date "2017.03.12"]
[Round "10.12"]
[White "Szabo, Andrea Erzsebet"]
[Black "Szuhanszki, Gergely"]
[Result "1/2-1/2"]
[WhiteElo "1484"]
[BlackElo "1643"]
[PlyCount "23"]
[EventDate "2016.09.25"]
[EventType "team-tourn"]
[EventRounds "11"]
[EventCountry "HUN"]
[SourceTitle "EXT 2021"]
[Source "ChessBase"]
[SourceDate "2020.10.23"]
[SourceVersion "1"]
[SourceVersionDate "2020.10.23"]
[SourceQuality "1"]
[WhiteTeam "Edeleny"]
[BlackTeam "Nyiregyhaza SISE"]
[WhiteTeamCountry "HUN"]
[BlackTeamCountry "HUN"]

1. d4 Nf6 2. Nf3 g6 3. c4 Bg7 4. Nc3 d5 5. e3 0-0 6. Qb3 c6 7. cxd5 cxd5 8. Bd2 b6 9. Rc1 Bb7 10. Nb5 Nc6 11. Be2 Rc8 12. 0-0 1/2-1/2

[Event "HUN-ch U16"]
[Site "Balatonlelle"]
[Date "2015.06.18"]
[Round "1"]
[White "Gorcsi, Gabor"]
[Black "Szuhanszki, Gergely"]
[Result "1-0"]
[WhiteElo "2081"]
[BlackElo "1653"]
[PlyCount "53"]
[EventDate "2015.06.18"]
[EventType "swiss"]
[EventRounds "7"]
[EventCountry "HUN"]
[SourceTitle "CBM 167 Extra"]
[Source "ChessBase"]
[SourceDate "2015.09.14"]
[SourceVersion "1"]
[SourceVersionDate "2015.09.14"]
[SourceQuality "1"]

1. d4 Nf6 2. c4 g6 3. Nc3 d5 4. cxd5 Nxd5 5. e4 Nxc3 6. bxc3 Bg7 7. Bc4 c5 8. Ne2 Nc6 9. Be3 0-0 10. 0-0 cxd4 11. cxd4 Bg4 12. f3 Na5 13. Bd3 Be6 14. d5 Bxa1 15. Qxa1 f6 16. Qd4 Bd7 17. Bh6 Re8 18. Qf2 Qc7 19. Bf4 Qb6 20. Be3 Qb2 21. Qg3 Rac8 22. Bd4 Qd2 23. f4 Nc4 24. e5 Nb2 25. Bxg6 hxg6 26. Qxg6+ Kf8 27. e6 1-0

[Event "HUN-ch U14"]
[Site "Balatonlelle"]
[Date "2014.06.27"]
[Round "8"]
[White "Szuhanszki, Gergely"]
[Black "Pasztor, Daniel"]
[Result "1-0"]
[WhiteElo "1480"]
[BlackElo "1594"]
[PlyCount "155"]
[EventDate "2014.06.20"]
[EventType "swiss"]
[EventRounds "9"]
[EventCountry "HUN"]
[SourceTitle "EXT 2024"]
[Source "ChessBase"]
[SourceDate "2023.10.10"]
[SourceVersion "1"]
[SourceVersionDate "2023.10.10"]
[SourceQuality "1"]

1. Nf3 Nf6 2. g3 g6 3. Bg2 Bg7 4. d3 0-0 5. 0-0 Nc6 6. Nbd2 d6 7. b3 Nd5 8. d4 Nc3 9. Qe1 Nxd4 10. Nxd4 Bxd4 11. Bb2 Nxe2+ 12. Qxe2 Bxb2 13. Rad1 Bg7 14. Rfe1 Re8 15. Qd3 Rb8 16. Qe3 b6 17. Nf3 c5 18. c4 Bb7 19. Bh3 Qc7 20. Ng5 Qc6 21. Bg2 Qc7 22. Bh3 Bc6 23. Re2 Rb7 24. Nf3 Rbb8 25. Rde1 Qb7 26. Nh4 e6 27. Qf4 d5 28. cxd5 Bxd5 29. Rd1 Rbd8 30. Red2 Rb8 31. Bg2 Bxg2 32. Rd7 Rf8 33. Rxb7 Bxb7 34. Nf3 Bxf3 35. Qxf3 Bd4 36. Qc6 Rfd8 37. Kg2 Kg7 38. Qc7 a5 39. Re1 Kg8 40. Re2 Kf8 41. f4 Bf6 42. g4 h6 43. f5 gxf5 44. gxf5 e5 45. a4 Kg8 46. Qc6 Kg7 47. Re3 Rd2+ 48. Kh3 Bg5 49. Rg3 Rdd8 50. Qc7 Re8 51. Kg2 Kh8 52. Qxf7 Re7 53. Qh5 Rf8 54. Rxg5 Rf6 55. Rg6 Rxg6+ 56. Qxg6 Rg7 57. Qxg7+ Kxg7 58. Kf3 Kf7 59. Ke4 Kf6 60. h3 b5 61. axb5 c4 62. bxc4 a4 63. b6 a3 64. b7 a2 65. b8Q a1Q 66. Qd6+ Kf7 67. Qe6+ Kf8 68. Qxh6+ Kg8 69. Qe6+ Kh7 70. Qxe5 Qe1+ 71. Kd5 Qa5+ 72. Ke6 Qb6+ 73. Qd6 Qe3+ 74. Kf7 Qa7+ 75. Qe7 Qd4 76. Kf8+ Kh6 77. Qe6+ Kh7 78. Qg6+ 1-0